000 00549nam a2200193 i 4500
001 55614
003 ES-MaACL
005 20250710062721.0
007 t|
008 030924s1958 fr ||||1| fre d
100 1 _aGraviers, Jean des.
_959787
245 1 3 _aLe droit canonique /
_cpar Jean des Graviers.
260 _aParis :
_bPresses Universitaires de France,
_c1958.
300 _a126 p. ;
_c18 cm.
490 1 _aQue sais-je? ;
_v779
830 0 0 _aQue sais-je?
_v779
_9180931
852 _aES-MaACL
_jC-15644
_bR.43289
999 _c55614
_d55614